Kemahiran kepemimpinan pengajaran pengetua dan tahap motivasi guru sekolah menengah di Wilayah Persekutuan /
Saved in:
| Main Author: | |
|---|---|
| Format: | Thesis Book |
| Language: | Malay |
| Published: |
2010.
|
| Subjects: | |
| Tags: |
Add Tag
No Tags, Be the first to tag this record!
|
| LEADER | 01244cam a2200289 a 4500 | ||
|---|---|---|---|
| 001 | u797326 | ||
| 003 | SIRSI | ||
| 005 | 201009280853 | ||
| 008 | 100928s2010 my a t 000 0 may m | ||
| 040 | |a UMK | ||
| 043 | |a a-my-wp | ||
| 098 | |a LB2831.9 |b UM 2010 Norar | ||
| 100 | 0 | |a Norazian Ab. Razak. | |
| 245 | 1 | 0 | |a Kemahiran kepemimpinan pengajaran pengetua dan tahap motivasi guru sekolah menengah di Wilayah Persekutuan / |c Norazian binti Ab. Razak. |
| 260 | |c 2010. | ||
| 300 | |a xii, 119 leaves : |b ill. ; |c 30 cm. | ||
| 502 | |a Dissertation (M.Princ.) -- Institut Pengajian Kepengetuaan, Universiti Malaya, 2010. | ||
| 504 | |a Bibliography: leaves 104-109. | ||
| 650 | 0 | |a Educational leadership |z Kuala Lumpur (W.P.) |x Psychological aspects |v Case studies. | |
| 650 | 0 | |a Teacher-principal relationships |z Kuala Lumpur (W.P.) | |
| 650 | 0 | |a Motivation in education |z Kuala Lumpur (W.P.) | |
| 650 | 0 | |a Teachers |x Job satisfaction |z Kuala Lumpur (W.P.) | |
| 650 | 0 | |a Employee motivation |x Psychological aspects |z Kuala Lumpur (W.P.) | |
| 710 | 2 | |a Universiti Malaya. |b Institut Pengajian Kepengetuaan. | |
| 900 | |a HA-ZA | ||
| 596 | |a 19 | ||
| 999 | |a LB2831.9 UM 2010 NORAR |w LC |c 1 |i A514514579 |d 11/4/2011 |f 11/4/2011 |g 1 |l STACKS |m P19KOTA |r Y |s Y |t TESIS |u 2/4/2011 | ||
